Mengagihkan tugas untuk mendapatkan keputusan
| Main Author: | |
|---|---|
| Format: | Book |
| Published: |
Johor Bharu :
Penerbitan Pelangi Sdn. Bhd. ,
1994
|
| Subjects: |
MARC
| LEADER | 00000cam a2200000 7i4500 | ||
|---|---|---|---|
| 001 | 0000002821 | ||
| 005 | 20240926.0 | ||
| 020 | |a 9835003955 | ||
| 040 | |a INS | ||
| 090 | 0 | 0 | |a HD50 |b M1781 1994 |
| 100 | 1 | |a Maddux, Robert B. | |
| 245 | 1 | 0 | |a Mengagihkan tugas untuk mendapatkan keputusan |c Robert B. Maddux |
| 260 | |a Johor Bharu : |b Penerbitan Pelangi Sdn. Bhd. , |c 1994 | ||
| 300 | |a 88 pages ; |c 26 cm. | ||
| 650 | 0 | 0 | |a Delegation of authority |
| 999 | |a 0000005728 |b BOOK |c Open Shelf |e Default branch | ||